| 000 | 00961nam a2200205 a 4500 | ||
|---|---|---|---|
| 001 | 43323 | ||
| 005 | 20180714021812.0 | ||
| 008 | 140415s2000 sp 000 0 spa d | ||
| 020 | _a8431318031 | ||
| 041 | _aspa | ||
| 082 |
_a128 _bSER |
||
| 100 | 1 | _aSERANI MERLO, ALEJANDRO | |
| 245 | 1 | 3 |
_aEL VIVIENTE HUMANO : _bESTUDIOS BIOFILOSOFICOS Y ANTROPOLOGICOS. |
| 250 | _a1a ed. | ||
| 260 |
_aESPAÑA : _bEUNSA, _c2000. |
||
| 300 |
_a159 ; _cx 14.6 x 21.5. |
||
| 490 | _aFILOSOFIA | ||
| 520 | _aEN LA BASE NO SÓLO DEL SOBREVIVIR SINO, MÁS AÚN, DEL VIVIR PROPIAMENTE HUMANO, SE ENCUENTRA LA IMPERIOSA NECEDIDAD DE CONOCER ALGO ACERCA DEL SENTIDO ÚLTIMO DE LAS COSAS, DE LOS SERES VIVOS, DEL HOMBRE Y DEL MUNDO. EL SER HUMANO ES UN ANIMAL DE SIGNIFICADOS, Y LA CIENCIA EXPERIMENTAL CARECE POR SÍ MISMA DE HERRAMIENTAS QUE LE PERMITAN HACER EL PASO DESDE LOS DATOS EMPÍRICOS A SU SENTIDO ONTOLÓGICO. | ||
| 650 | 1 | 4 | _aANTROPOLOGIA FILOSOFICA |
| 999 |
_c43323 _d43323 |
||